00793nam a2200217 a 450000100060000000300090000600800410001502000180005604000280007408200160010210000300011824500530014825000100020126000230021130000100023450502080024465000260045265000270047865000350050565000350054022803CO-ViMGA141112s2004 ck r 000 u spa d a9789587111101 aCO-ViMGAbspacCO-ViMGA04a347.9 P453t1 aPineda Rodriguez, Alfonso10aEl título ejecutivo y los procesos ejecutivos a7 ed. aColombia : bLeyer a420p. aClases de titulos ejecutivos, Requisitos del titulo ejecutivo, El proceso ejecutivo, El proceso ejecutivo, Modalidades de los procesos ejecutivos, El proceso ejecutivo para el cobro de titulos valores14aPROCEDIMIENTOS CIVIL 14aPROCEDIMIENTOS LABORAL14aPROCESOS (DERECHO) - COLOMBIA 14aPROCESOS EJECUTIVO - COLOMBIA